Guess the 1960s song lyrics #345 - Statistics

General Stats
  • This quiz has been taken 49 times
  • The average score is 105 of 186
Answer Stats
Answer % Correct
I
95%
a
90%
you
90%
Do
88%
love
86%
the
86%
me
83%
When
79%
and
74%
to
74%
To
74%
your
74%
be
71%
in
71%
my
67%
Doors
64%
so
64%
she
60%
She
60%
want
60%
for
57%
this
57%
her
55%
Her
55%
of
55%
tell
55%
that
55%
Won't
55%
are
52%
name
52%
see
52%
at
48%
baby
48%
Let
48%
Like
48%
every
45%
Hello
45%
hello
45%
down
43%
eye
43%
need
43%
think
43%
game
38%
you'll
38%
arms
36%
She's
36%
long
29%
jump
26%
legs
26%
make
26%
out
26%
street
26%
song
24%
walking
24%
guy
21%
head
21%
high
21%
meets
21%
sky
21%
something
21%
hope
19%
sweet
19%
holds
17%
sigh
17%
angels
14%
begs
14%
dog
14%
feet
14%
moves
14%
queen
14%
wicked
14%
brain
12%
screams
10%
Sidewalk
10%
statue
10%
Blind
7%
jewel
7%
pluck
7%
crouches
5%
dusky
5%
fool
5%
No matching quizzes found
Score Distribution
Percent of People with Each Score
Percentile by Number Answered
Your Score History
You have not taken this quiz